| 000 | 01090nam a22002537a 4500 | ||
|---|---|---|---|
| 005 | 20170124103002.0 | ||
| 010 | _aA-706468 | ||
| 020 | _c40.00 | ||
| 035 | _aA-706468 | ||
| 037 | _bCen Lib/Ret | ||
| 040 |
_aDPL _bHN |
||
| 082 |
_aक _bसुरेश |
||
| 100 |
_aसुरेश्नन्दन प्रसाद सिंह _955176 |
||
| 245 |
_aवैतरणी पार / _cसुरेश्नन्दन प्रसाद सिंह |
||
| 246 |
_aVaitarni paar / _bby Sureshnandan Prasad Singh |
||
| 260 |
_aदिल्ली _bमनु प्रकाशन _c1994 |
||
| 270 |
_a1/6678, गली नं० 3, पूर्वी रोहतक नगर _bदिल्ली _e110032 |
||
| 300 |
_a94पृ. _c17सेमी (सजिल्द ) |
||
| 650 |
_aहिंदी साहित्य _x _z _9104276 |
||
| 650 |
_aहिंदी साहित्य--लघु कथाएँ _v _9104277 |
||
| 650 |
_aHindi literature _9104278 |
||
| 650 |
_aHindi literature--Short Stories _9104279 |
||
| 942 |
_2ddc _cHN _hक _mसुरेश |
||
| 999 |
_c114068 _d114068 |
||